000
00226nam a22000857a 4500
008
160922b xxu||||| |||| 00| 0 eng d
100
_9
705
_a
Kundra.D.N.
245
_a
Social Science-X
260
_a
New Delhi
_b
Dhanpat Publications
_c
2015
999
_c
3362
_d
3362